000 00552cas a22002175a 4500
001 L243
008 070629c1995 xxkqr p 0 a0eng d
022 1 _a0266-6480
035 _a(Sirsi) u98882
041 0 _aeng
110 2 _aUrban Design Group
_92687
240 _aUrban Design Quarterly
245 0 0 _aUrban Design
260 _aLondon
_bUrban Design Group
_c1995-
520 _aKept for one year
554 _aFour per year
651 4 _aUnited Kingdom
_y
690 _aPlanning and development
_96259
942 _n0
948 _c16/08/1994
999 _c118556
_d118556